000 00380nam a2200133Ia 4500
008 211109s9999||||xx |||||||||||||| ||und||
082 _a824
_bARN-S
100 _aArnold, Matthew
245 0 _aSelected Essays: Matthew Arnold
260 _bOxford University Press
_aLondon
_c1964
630 _xGeneral Stack
650 _aEnglish Essays
_vEnglish Literature
_xEnglish
942 _cBOOK
999 _c29371
_d29371